| 000 | 00771nam a2200241Ia 4500 | ||
|---|---|---|---|
| 005 | 20251020182612.0 | ||
| 008 | 200515s9999 xx 000 0 und d | ||
| 082 | _aSC/69(02)/E36 | ||
| 100 | _aELDER, A.J.VANDENBERG, Maritz | ||
| 245 | 0 | _aConstrucción | |
| 260 | _aMadrid | ||
| 260 | _c1977 | ||
| 300 | _a422 | ||
| 520 | _aDiseño de todos los elementos de edificio que cierran espacios ya sea externa e internamente suelos, paredes, cubiertas, y cielorrasos. La primera parte se refiere a los cerramientos en general. Después de esta introducción general, el contenido del manua | ||
| 650 | _aCUBIERTAS | ||
| 650 | _aFORJADOS | ||
| 650 | _aMUROS | ||
| 650 | _aPAVIMENTOS | ||
| 650 | _aPISOS | ||
| 650 | _aSOTANOS | ||
| 650 | _aVENTANAS | ||
| 942 | _cLIB | ||
| 999 |
_c3379 _d3379 |
||